Tin học căn bản dành cho học sinh

Bewaard in:
Bibliografische gegevens
Hoofdauteur: Nguyễn, Công Tuấn
Formaat: Boek
Taal:Undetermined
Gepubliceerd in: Hà Nội Lao động xã hội 2005
Onderwerpen:
Tags: Voeg label toe
Geen labels, Wees de eerste die dit record labelt!
Thư viện lưu trữ: Trung tâm Học liệu Trường Đại học Cần Thơ
LEADER 00584nam a2200193Ia 4500
001 CTU_103103
008 210402s9999 xx 000 0 und d
020 |c 28000 
082 |a 004 
082 |b T502 
100 |a Nguyễn, Công Tuấn 
245 0 |a Tin học căn bản dành cho học sinh 
245 0 |c Nguyễn Công Tuấn, Lê Trần Diễm Thúy 
260 |a Hà Nội 
260 |b Lao động xã hội 
260 |c 2005 
650 |a Information technology 
910 |a Vương 
980 |a Trung tâm Học liệu Trường Đại học Cần Thơ